[Event "Mechanics' Alan Benson TNM; G/2"]
[Site "San Francisco"]
[Date "2016.08.30"]
[Round "5.4"]
[White "Bayaraa, Chinguun"]
[Black "Wong, Russell"]
[Result "1/2-1/2"]
[WhiteElo "2023"]
[BlackElo "2200"]
[PlyCount "78"]
[EventDate "2016.??.??"]

1. d4 d6 2. c4 e5 3. Nc3 exd4 4. Qxd4 Nc6 5. Qd1 g6 6. e4 Bg7 7. Be3 Nf6 8. f3
Be6 9. Rc1 O-O 10. Bd3 Ne5 11. b3 c6 12. Nge2 d5 13. cxd5 cxd5 14. O-O Nxd3 15.
Qxd3 dxe4 16. Qxd8 Rfxd8 17. fxe4 Ng4 18. Bg5 f6 19. Bf4 a6 20. h3 Ne5 21. Bxe5
fxe5 22. Rcd1 Rac8 23. Rxd8+ Rxd8 24. Rd1 Rxd1+ 25. Nxd1 Kf7 26. Kf2 Ke7 27.
Ke3 b5 28. Kd3 Kd6 29. Ne3 Bh6 30. Nc2 a5 31. Ne1 b4 32. Ng1 Bc8 33. Ngf3 Ba6+
34. Kc2 Bf4 35. Nd3 Bb7 36. Nxf4 exf4 37. Kd3 Kc5 38. Ng5 Ba6+ 39. Kd2 Kd4
1/2-1/2

[Event "Mechanics' Fall TNM; G/2"]
[Site "San Francisco"]
[Date "2016.11.15"]
[Round "5.43"]
[White "Bayaraa, Timothy"]
[Black "Bayaraa, Bilguun"]
[Result "0-1"]
[WhiteElo "554"]
[BlackElo "1127"]
[PlyCount "34"]
[EventDate "2016.??.??"]

1. e4 c5 2. Nf3 d6 3. Bc4 e6 4. Nc3 a6 5. a3 Nc6 6. d3 Nf6 7. Bf4 e5 8. Bg5 Be7
9. Nd5 Nxd5 10. Bxe7 Ndxe7 11. O-O Bg4 12. h3 Bxf3 13. Qxf3 O-O 14. Bd5 Nxd5
15. exd5 Nd4 16. Qe4 Nxc2 17. Rac1 Nd4 0-1

[Event "Mechanics' Spring TNM; G/2"]
[Site "San Francisco"]
[Date "2016.05.03"]
[Round "8.36"]
[White "Bekhtur, Bayaraa"]
[Black "Allen, Tom Carter"]
[Result "1-0"]
[WhiteElo "1896"]
[BlackElo "1486"]
[PlyCount "49"]
[EventDate "2016.??.??"]

1. e4 e5 2. Nf3 Nc6 3. d4 exd4 4. Nxd4 Qh4 5. Nc3 Bb4 6. Ndb5 Kd8 7. Qd5 f6 8.
g3 Qg4 9. Be2 Qe6 10. O-O Nge7 11. Qxe6 dxe6 12. Bf4 e5 13. Rfd1+ Bd7 14. Bg4
f5 15. exf5 Bd6 16. Nxd6 cxd6 17. Rxd6 Nc8 18. Bg5+ Kc7 19. Nb5+ Kb6 20. Rxd7
Kxb5 21. Be2+ Ka4 22. Rxb7 Nb6 23. b3+ Kb4 24. c3+ Ka5 25. a4 1-0

[Event "Mechanics' Winter TNM; G/2"]
[Site "San Francisco"]
[Date "2016.02.09"]
[Round "6.25"]
[White "Bekhtur, Bayaraa"]
[Black "Bertot, German"]
[Result "1-0"]
[WhiteElo "1915"]
[BlackElo "1589"]
[Annotator "Donaldson"]
[PlyCount "67"]
[EventDate "2016.??.??"]

1. d4 d5 2. c4 e6 3. Nc3 Nf6 4. Bg5 c6 5. Nf3 Nbd7 6. e3 Qa5 7. Qd2 (7. cxd5) (
7. Nd2) 7... Bb4 8. Rc1 Ne4 9. Qc2 Qxa2 10. Bd3 Bxc3+ (10... Nxc3 11. bxc3 Qxc2
12. Rxc2 dxc4 13. Bxc4 Be7) 11. bxc3 Qxc2 12. Rxc2 Nxg5 13. Nxg5 Nf6 (13... h6
14. Nf3 dxc4 15. Bxc4 Ke7) 14. cxd5 exd5 15. c4 h6 16. Nf3 Be6 (16... dxc4 17.
Bxc4 Ke7 (17... a5) 18. Ke2 Be6) 17. c5 Ke7 (17... Kd7) 18. O-O (18. Ke2) 18...
a5 19. Rb1 Ra7 20. Rcb2 Rb8 21. Ne5 Bd7 22. Rb6 a4 23. Ba6 a3 24. Bd3 a2 25.
Ra1 Ne4 (25... Rba8) 26. f3 Nf6 27. Kf2 Rba8 28. Bc2 g6 29. g4 h5 30. h3 Bc8
31. Rb2 Nd7 32. Nd3 f6 33. Bb3 Ra3 34. Nb4 {
Both players stopped keeping score. White eventually won.} 1-0

[Event "Mechanics' Spring TNM; G/2"]
[Site "San Francisco"]
[Date "2016.03.15"]
[Round "1.27"]
[White "Bekhtur, Bayaraa"]
[Black "Frank, Robert H"]
[Result "0-1"]
[WhiteElo "1896"]
[BlackElo "1319"]
[Annotator "Donaldson"]
[PlyCount "56"]
[EventDate "2016.??.??"]

1. d4 Nf6 2. c4 e6 3. Nc3 c5 4. dxc5 Bxc5 5. e4 O-O 6. Be2 Qb6 7. Nh3 Nc6 8.
O-O Bd4 9. Na4 Qd8 10. Qc2 d5 11. cxd5 exd5 12. exd5 Nxd5 13. Ng5 g6 14. Bd2
Qf6 15. Ne4 Qe5 16. Bh6 Re8 17. Bf3 Bf5 18. Rfe1 Ncb4 19. Qb3 Rac8 20. Ng3
Qxe1+ 21. Rxe1 Rxe1+ 22. Nf1 Rc2 23. Be3 Bxe3 24. Qxe3 Rcc1 25. Be2 Bd3 26.
Qe8+ Kg7 27. Qe5+ Kg8 (27... f6 $19) 28. Nc3 Rxf1+ 0-1

[Event "Mechanics' Spring TNM; G/2"]
[Site "San Francisco"]
[Date "2016.04.05"]
[Round "4.25"]
[White "Bekhtur, Bayaraa"]
[Black "Menghrajani, Alok"]
[Result "0-1"]
[WhiteElo "1896"]
[BlackElo "1609"]
[PlyCount "52"]
[EventDate "2016.??.??"]

1. e4 e5 2. Nf3 Nc6 3. Bb5 d6 4. O-O Bd7 5. c3 Nf6 6. Re1 Be7 7. d4 exd4 8.
cxd4 a6 9. Ba4 b5 10. Bb3 O-O 11. h3 Na5 12. Bc2 c5 13. d5 Ne8 14. e5 dxe5 15.
Nxe5 Bf6 16. Qd3 g6 17. Bh6 Bf5 18. Qd2 Ng7 19. Bxf5 gxf5 20. Na3 Bxe5 21. Rxe5
b4 22. Qe3 bxa3 23. Qg3 Qf6 24. Bg5 Qg6 25. h4 axb2 26. Rb1 f4 0-1

[Event "Mechanics' Winter TNM; G/2"]
[Site "San Francisco"]
[Date "2016.01.05"]
[Round "1.21"]
[White "Bekhtur, Bayaraa"]
[Black "Olson, David R"]
[Result "1-0"]
[WhiteElo "1915"]
[BlackElo "1400"]
[Annotator "Donaldson"]
[PlyCount "57"]
[EventDate "2016.??.??"]

1. e4 e5 2. c4 Bc5 3. Ne2 Nc6 (3... Qf6 4. f3) (3... Qh4 4. Ng3 Qf6) 4. g3 Nf6
5. Bg2 Nd4 6. O-O O-O 7. d3 a6 8. Nbc3 c6 9. Nxd4 exd4 10. Ne2 h6 11. f4 Ba7
12. e5 Nh7 13. b4 d5 14. c5 Bg4 15. Bb2 b5 16. Bxd4 f5 17. Qd2 Bb8 18. a4 Bc7
19. Nc3 Bh5 20. axb5 axb5 21. Qb2 Bf7 22. Rxa8 Qxa8 23. Ra1 Qb8 24. Ra6 Be8 25.
Qa1 Bd7 26. Nxd5 Be6 27. Ne7+ Kf7 28. Nxc6 g5 29. Nxb8 1-0

[Event "Mechanics' Winter TNM; G/2"]
[Site "San Francisco"]
[Date "2016.02.23"]
[Round "8.13"]
[White "Bekhtur, Bayaraa"]
[Black "Palmeri, Ralph P"]
[Result "1-0"]
[WhiteElo "1915"]
[BlackElo "1715"]
[PlyCount "38"]
[EventDate "2016.??.??"]

1. d4 c5 2. d5 d6 3. c4 g6 4. Nc3 a6 5. a4 Bg7 6. Nf3 Nf6 7. g3 Nbd7 8. Bg2 O-O
9. O-O Ng4 10. h3 Nge5 11. Nxe5 Nxe5 12. Qb3 Rb8 13. f4 Nd7 14. e4 Qc7 15. Bd2
Re8 16. Rae1 e5 17. dxe6 fxe6 18. f5 Nf6 19. fxe6 Bxe6 {
Remaining moves unavailable.} 1-0

[Event "Mechanics' Winter TNM; G/2"]
[Site "San Francisco"]
[Date "2016.01.26"]
[Round "4.3"]
[White "Bekhtur, Bayaraa"]
[Black "Stearman, Josiah P"]
[Result "0-1"]
[WhiteElo "1915"]
[BlackElo "2203"]
[PlyCount "40"]
[EventDate "2016.??.??"]

1. e4 c5 2. c4 Nc6 3. Ne2 e5 4. g3 d6 5. Bg2 g6 6. Nbc3 Bg7 7. O-O h5 8. f4 Nh6
9. Nd5 Be6 10. d3 h4 11. Nec3 hxg3 12. hxg3 exf4 13. Bxf4 Bd4+ 14. Be3 Bxe3+
15. Nxe3 Qg5 16. Ned5 Qxg3 17. Rf3 Qe5 18. Nc7+ Kd7 19. Nxe6 fxe6 20. Qe2 Nd4
0-1

[Event "Mechanics' Summer TNM; G/2"]
[Site "San Francisco"]
[Date "2016.07.12"]
[Round "8.40"]
[White "Bender, Karina Lar"]
[Black "Malykin, Erika"]
[Result "0-1"]
[WhiteElo "707"]
[BlackElo "1612"]
[PlyCount "44"]
[EventDate "2016.??.??"]

1. e4 e6 2. d4 c5 3. c3 Nf6 4. Bd3 cxd4 5. cxd4 Bb4+ 6. Nc3 Qb6 7. Nf3 Nc6 8.
a3 Bxc3+ 9. bxc3 d5 10. e5 Nd7 11. O-O h6 12. Rb1 Qc7 13. Re1 Nb6 14. Qc2 Bd7
15. c4 dxc4 16. Bxc4 Na5 17. Bb3 Qxc2 18. Bxc2 Bc6 19. Re3 Rc8 20. Bb3 Nxb3 21.
Rbxb3 Bxf3 22. gxf3 Rxc1+ {and Black went on to win.} 0-1

[Event "Mechanics' Summer TNM; G/2"]
[Site "San Francisco"]
[Date "2016.05.24"]
[Round "1.31"]
[White "Bender, Karina Lar"]
[Black "Porlares, Teodoro"]
[Result "0-1"]
[WhiteElo "707"]
[BlackElo "1805"]
[Annotator "Donaldson"]
[PlyCount "76"]
[EventDate "2016.??.??"]

1. e4 c6 2. d4 d5 3. Nc3 dxe4 4. Nxe4 Bf5 5. Ng3 Bg6 6. Nf3 Nd7 7. Bc4 e6 8.
Bg5 Ngf6 9. O-O Bd6 10. Qe2 Qc7 11. Bh4 O-O 12. Ng5 h6 13. Nf3 Bh7 14. Qd2 Bf4
15. Qe2 g5 16. Bd3 gxh4 17. Nxh4 Kh8 18. Bxh7 Nxh7 19. Qd3 Ndf6 20. Rae1 Rg8
21. Kh1 Rg4 22. Nf3 Rag8 23. Nd2 Rh4 24. Kg1 Rhg4 25. Kh1 h5 26. Rg1 Rh4 27.
Nf3 Bxg3 28. fxg3 Rxg3 29. Qe2 Rxf3 30. g3 $2 (30. gxf3) 30... Rxg3 31. Rxg3
Qxg3 32. Rg1 Qf4 33. Qg2 Ng4 34. Rf1 Rxh2+ 35. Kg1 Qe3+ 36. Rf2 Rxg2+ 37. Kxg2
Qxf2+ 38. Kh3 Qh2# 0-1

[Event "Mechanics' Summer TNM; G/2"]
[Site "San Francisco"]
[Date "2016.06.14"]
[Round "4.42"]
[White "Bender, Karina Lar"]
[Black "Simpkins, Jerry"]
[Result "0-1"]
[WhiteElo "707"]
[BlackElo "1538"]
[Annotator "Donaldson"]
[PlyCount "58"]
[EventDate "2016.??.??"]

1. e4 e5 2. Nf3 f5 {Jerry should soon be receiving an all-expenses paid trip
to Riga for his advocacy of the Latvian!} 3. Nc3 fxe4 4. Nxe5 Qf6 5. Ng4 Qe6 6.
Be2 c6 7. O-O d5 8. d3 $1 {Strong and logical play by Karina. White opens the
game to exploit Black's lack of development.} h5 9. Ne3 d4 10. Bxh5+ g6 {
Diagram [#]} 11. Be2 $2 (11. Bg4 $1 {and Black is busted.}) 11... dxc3 12. bxc3
Qe5 $1 13. g3 Nf6 14. d4 Qe6 15. f3 Qh3 16. Kf2 (16. Rf2 Bd6) 16... Qxh2+ 17.
Ng2 exf3 18. Bxf3 Be7 19. Bf4 O-O $4 (19... Qh3 $19) 20. Rh1 $1 Ng4+ 21. Bxg4
Rxf4+ 22. gxf4 ({The sacrifice did not have to be accepted.} 22. Bf3 $1 {
and the queen is still trapped.}) 22... Bh4+ 23. Ke3 Qg3+ 24. Qf3 $2 (24. Kd2
Qxg2+ 25. Qe2 $14) 24... Bxg4 25. Qxg3 Bxg3 $11 26. Rag1 $4 (26. Kd3 Nd7 27.
Ne3) 26... Nd7 27. Nh4 Re8+ 28. Kd2 Bxf4+ 29. Kd3 Be2# 0-1

[Event "Mechanics' Spring TNM; G/2"]
[Site "San Francisco"]
[Date "2016.04.05"]
[Round "4.38"]
[White "Bertot, German"]
[Black "Frank, Robert H"]
[Result "1-0"]
[WhiteElo "1589"]
[BlackElo "1319"]
[PlyCount "45"]
[EventDate "2016.??.??"]

1. d4 Nf6 2. Nf3 d5 3. c4 e6 4. Nc3 c5 5. Bg5 cxd4 6. Nxd4 h6 7. Bh4 dxc4 8. e3
Bd7 9. Bxc4 Nc6 10. O-O Bb4 11. Ne4 Be7 12. Bxf6 Bxf6 13. Nd6+ Ke7 14. N4f5+
Kf8 15. Qd2 Ne5 16. Nd4 Nxc4 17. Nxc4 a6 18. Rfd1 e5 19. Nf3 Bg4 20. Qxd8+ Rxd8
21. Rxd8+ Bxd8 22. Ncxe5 Ke7 $4 23. Nxg4 1-0

[Event "Mechanics' Winter TNM; G/2"]
[Site "San Francisco"]
[Date "2016.02.16"]
[Round "7.34"]
[White "Bertot, German"]
[Black "Mays, Jerry L"]
[Result "0-1"]
[WhiteElo "1589"]
[BlackElo "1982"]
[PlyCount "76"]
[EventDate "2016.??.??"]

1. d4 Nf6 2. c4 g6 3. Nc3 Bg7 4. e4 d6 5. Nf3 O-O 6. Be2 e5 7. dxe5 dxe5 8. O-O
Nc6 9. h3 h6 10. Be3 Be6 11. a3 Qc8 12. Kh2 a5 13. Qc2 g5 14. Nd5 Nxe4 15. Nxc7
Qxc7 16. Qxe4 f5 17. Qc2 e4+ 18. Kg1 exf3 19. Bxf3 Ne5 20. Be2 f4 21. Bd4 f3
22. Bxe5 Qxe5 23. Bxf3 Rxf3 24. gxf3 Bxh3 25. Rfe1 Qf4 26. Qe4 Rf8 27. Qxb7
Qxf3 28. Qxf3 Rxf3 29. Re8+ Kh7 30. Rd1 Bxb2 31. Re7+ Kg6 32. a4 Ba3 33. Ra7
Bc5 34. Ra6+ Kh5 35. Rd2 Bc8 36. Rc6 Rg3+ 37. Kf1 Bh3+ 38. Ke1 Rg1+ 0-1

[Event "Mechanics' Spring TNM; G/2"]
[Site "San Francisco"]
[Date "2016.04.19"]
[Round "6.34"]
[White "Bertot, German"]
[Black "Shnaiderman, Lazar"]
[Result "0-1"]
[WhiteElo "1589"]
[BlackElo "1814"]
[PlyCount "86"]
[EventDate "2016.??.??"]

1. d4 Nf6 2. Nf3 e6 3. c4 Bb4+ 4. Nc3 c5 5. Qc2 cxd4 6. Nxd4 O-O 7. Bg5 Be7 8.
e3 Nc6 9. Bd3 Nb4 10. Qe2 Nxd3+ 11. Qxd3 b6 12. O-O Bb7 13. Rfd1 d5 14. Bxf6
Bxf6 15. cxd5 exd5 16. Qf5 g6 17. Qf4 Qe7 18. Rac1 Rfd8 19. Ncb5 Be5 20. Qf3 a6
21. Nc3 Rac8 22. a3 b5 23. b4 Rc4 24. Nce2 Rdc8 25. g3 Qf6 26. Rxc4 Rxc4 27.
Qxf6 Bxf6 28. Rc1 Kg7 29. Kg2 h5 30. h3 Kf8 31. Kf1 Bc8 32. h4 Bg4 33. Rc2
Bxe2+ 34. Kxe2 Bxd4 35. Rxc4 dxc4 36. exd4 Ke7 37. Ke3 Kd6 38. Kd2 Kd5 39. Ke3
f6 40. f3 g5 41. hxg5 fxg5 42. f4 gxf4+ 43. gxf4 h4 0-1

[Event "Mechanics' Spring TNM; G/2"]
[Site "San Francisco"]
[Date "2016.03.22"]
[Round "2.44"]
[White "Bertot, German"]
[Black "Snead, Tal McCarty"]
[Result "1-0"]
[WhiteElo "1589"]
[BlackElo "317"]
[PlyCount "51"]
[EventDate "2016.??.??"]

1. d4 d5 2. c4 e6 3. Nc3 Nf6 4. Nf3 Nc6 5. Bg5 h6 6. Bh4 Bb4 7. e3 O-O 8. Bd3
Bxc3+ 9. bxc3 dxc4 10. Bxc4 Na5 11. Bd3 c6 12. O-O Kh8 13. e4 Kg8 14. e5 Re8
15. Qd2 Kf8 16. exf6 gxf6 17. Qxh6+ Ke7 18. Qxf6+ Kd7 19. Ne5+ Kc7 20. Qxf7+
Bd7 21. Bxd8+ Rexd8 22. Rfe1 Re8 23. Qxd7+ Kb8 24. Qxe8+ Kc7 25. Qd7+ Kb6 26.
Rab1+ 1-0

[Event "Mechanics' Spring TNM; G/2"]
[Site "San Francisco"]
[Date "2016.05.03"]
[Round "8.33"]
[White "Bertot, German"]
[Black "Standen, Julian"]
[Result "1-0"]
[WhiteElo "1589"]
[BlackElo "1622"]
[Annotator "Donaldson"]
[PlyCount "51"]
[EventDate "2016.??.??"]

1. d4 d5 2. c4 c6 3. Nc3 Nf6 4. Nf3 dxc4 5. a4 Bf5 6. e3 e6 7. Bxc4 Bb4 8. Bd2
O-O 9. O-O a5 10. Nh4 Bg4 11. Be2 Bxe2 12. Qxe2 Na6 13. Nf3 Qe7 14. Rac1 Rfd8
15. Rfd1 Rac8 16. Be1 Bd6 17. Ne5 Nb4 18. Nc4 Bc7 19. Qf3 e5 20. Ne4 Nbd5 21.
Nxa5 exd4 22. Nxf6+ Nxf6 23. Rxd4 Rxd4 24. exd4 Qd6 25. Qh3 Rd8 $4 (25... Re8
$11) 26. Nxb7 ({
The resignation is warranted although Black could have struggled for awhile.} 
26. Nxb7 Qf4 27. Ra1 Rb8 28. Nc5 {with the point that} Qxd4 {is met by} 29. Na6
) 1-0

[Event "Mechanics' Winter TNM; G/2"]
[Site "San Francisco"]
[Date "2016.01.19"]
[Round "3.36"]
[White "Bertot, German"]
[Black "Tungkitkancharoen, Songtham"]
[Result "0-1"]
[WhiteElo "1589"]
[BlackElo "1380"]
[PlyCount "52"]
[EventDate "2016.??.??"]

1. d4 Nf6 2. c4 e5 3. dxe5 Ng4 4. Nf3 Nc6 5. Bf4 Bb4+ 6. Nc3 Qe7 7. Qb3 Na5 8.
Qc2 Nxc4 9. e3 Ngxe5 10. Bxc4 Nxc4 11. O-O c6 12. b3 Na3 13. Qd3 h6 14. Rfd1
O-O 15. Bd6 Bxd6 16. Qxd6 Qxd6 17. Rxd6 Nb5 18. Nxb5 cxb5 19. Rc1 Re8 20. Nd4
a6 21. Kf1 Rb8 22. Ke2 b6 23. Rc7 Kf8 24. f4 Re7 25. Kd2 g6 26. Nf3 Re6 {
and White lost on time.} 0-1

[Event "Mechanics' Winter TNM; G/2"]
[Site "San Francisco"]
[Date "2016.01.26"]
[Round "4.38"]
[White "Bhattacharjee, Shi"]
[Black "Baterdene, Jonathan"]
[Result "1-0"]
[WhiteElo "1614"]
[BlackElo "768"]
[PlyCount "49"]
[EventDate "2016.??.??"]

1. c4 e5 2. Nc3 Nf6 3. Nf3 Nc6 4. a3 e4 5. Ng5 d5 6. cxd5 Nxd5 7. Ngxe4 Nxc3 8.
Nxc3 Bc5 9. b4 Bb6 10. Bb2 O-O 11. e3 Re8 12. Bc4 Ne5 13. d3 Ng4 14. Nd5 Bxe3
15. Nxe3 Nxe3 16. fxe3 Rxe3+ 17. Kf2 Qe7 18. Re1 Rxe1 19. Qxe1 Qf6+ 20. Bxf6
gxf6 21. Qe8+ Kg7 22. Qxf7+ Kh6 23. Qxf6+ Kh5 24. Bf7+ Kg4 25. h3# 1-0

[Event "Mechanics' Winter TNM; G/2"]
[Site "San Francisco"]
[Date "2016.02.16"]
[Round "7.25"]
[White "Bhattacharjee, Shi"]
[Black "Harmon, Fredrick G"]
[Result "1-0"]
[WhiteElo "1614"]
[BlackElo "1812"]
[PlyCount "26"]
[EventDate "2016.??.??"]

1. c4 g6 2. d4 Bg7 3. Nf3 d6 4. Nc3 c6 5. e4 Bg4 6. Be3 Nf6 7. Qd2 Nfd7 8. h3
Bxf3 9. gxf3 Na6 10. O-O-O c5 11. f4 Qb6 12. Nd5 Qc6 13. Kb1 O-O-O $4 1-0

[Event "Mechanics' Spring TNM; G/2"]
[Site "San Francisco"]
[Date "2016.05.03"]
[Round "8.14"]
[White "Boldi, Ethan Vaugh"]
[Black "Askin, David Benja"]
[Result "0-1"]
[WhiteElo "1658"]
[BlackElo "1918"]
[PlyCount "80"]
[EventDate "2016.??.??"]

1. e4 c6 2. d4 d5 3. Nc3 dxe4 4. Nxe4 Bf5 5. Ng3 Bg6 6. Nf3 Nd7 7. Be3 e6 8.
Bd3 Bxd3 9. Qxd3 Ngf6 10. O-O Be7 11. c4 O-O 12. Rad1 Qc7 13. Rfe1 Rfd8 14. a3
a5 15. Qd2 a4 16. Bf4 Bd6 17. Bxd6 Qxd6 18. Qc2 Qb8 19. Ne2 b5 20. c5 Nd5 21.
Nc3 N7f6 22. Re5 h6 23. Nd2 Ng4 24. Rh5 Ndf6 25. Rh4 Rxd4 26. Nde4 Rxd1+ 27.
Qxd1 Qd8 28. Nd6 Ne5 29. Rd4 Qe7 30. Qe2 Ned7 31. Nce4 Nd5 32. Nb7 Rb8 33. Na5
Rc8 34. Nd6 Rc7 35. Qc2 N7f6 36. Qe2 Qd7 37. Qd2 Ra7 38. b4 axb3 39. Nxb3 Rxa3
40. Nc1 Qa7 {and Black went on to win.} 0-1

[Event "Mechanics' Fall TNM; G/2"]
[Site "San Francisco"]
[Date "2016.10.25"]
[Round "2.11"]
[White "Boldi, Ethan Vaugh"]
[Black "Askin, Michael Chr"]
[Result "1-0"]
[WhiteElo "1811"]
[BlackElo "2039"]
[Annotator "Donaldson"]
[PlyCount "93"]
[EventDate "2016.??.??"]

1. e4 c5 2. Nf3 d6 3. d4 cxd4 4. Nxd4 Nf6 5. Nc3 a6 6. Bg5 e6 7. f4 Be7 8. Qf3
Qc7 9. O-O-O Nbd7 10. Be2 b5 11. a3 Bb7 12. g4 Nc5 13. Bxf6 gxf6 14. h4 h5 15.
gxh5 f5 16. Bd3 Nxd3+ 17. Rxd3 Bf6 18. Qe2 Rc8 19. Rh2 Bxe4 20. Nxe4 fxe4 21.
Qxe4 Rxh5 22. Rc3 Rc5 23. Rhh3 d5 24. Qe3 Qe7 25. Qd2 Rc4 26. Rxc4 Rxc4 27. Nf3
Qc7 28. Ne5 Bxe5 29. fxe5 Qxe5 30. h5 Rd4 31. Qf2 Rf4 32. Qg1 Qf5 33. Rh1 Rf2
34. Qd1 Qh7 35. h6 Rf6 36. Qd3 Rg6 37. Qd2 f5 38. Qf4 Kd7 39. Qh4 e5 40. Qh5
Ke6 $4 {Diagram [#]} (40... Re6) 41. Qxg6+ $1 Qxg6 42. h7 Qxh7 43. Rxh7 e4 44.
Kd2 d4 45. c3 dxc3+ 46. bxc3 Ke5 47. Ke2 1-0

[Event "Mechanics' Winter TNM; G/2"]
[Site "San Francisco"]
[Date "2016.01.12"]
[Round "2.42"]
[White "Boldi, Ethan Vaugh"]
[Black "Baterdene, Jonathan"]
[Result "1-0"]
[WhiteElo "1528"]
[BlackElo "768"]
[PlyCount "53"]
[EventDate "2016.??.??"]

1. e4 e5 2. Nf3 Nc6 3. Bc4 h6 4. O-O Nf6 5. d3 Bc5 6. c3 O-O 7. a4 a5 8. Nbd2
d5 9. exd5 Nxd5 10. Nb3 Ba7 11. d4 Re8 12. dxe5 Nxe5 13. Bxd5 Nxf3+ 14. Qxf3
Be6 15. Bxe6 Rxe6 16. Bf4 g5 17. Bg3 Rf6 18. Bxc7 Qe7 19. Qxb7 Ra6 20. Qxa8+
Kg7 21. Qd8 Qe6 22. Rae1 Qxb3 23. Be5+ Kh7 24. Qh8+ Kg6 25. Bg7 f5 26. Qxh6+
Kf7 27. Qxa6 1-0

[Event "Mechanics' Fall TNM; G/2"]
[Site "San Francisco"]
[Date "2016.11.01"]
[Round "3.7"]
[White "Boldi, Ethan Vaugh"]
[Black "Bayaraa, Chinguun"]
[Result "0-1"]
[WhiteElo "1811"]
[BlackElo "2086"]
[PlyCount "52"]
[EventDate "2016.??.??"]

1. e4 c5 2. Nf3 d6 3. d4 cxd4 4. Nxd4 Nf6 5. Nc3 a6 6. Bg5 e6 7. f4 Be7 8. Qf3
Qc7 9. O-O-O Nbd7 10. a3 b5 11. Be2 Rb8 12. g4 b4 13. axb4 Rxb4 14. f5 Ne5 15.
Qf4 h6 16. Bxf6 Bxf6 17. h4 Nc4 18. Nb3 {Diagram [#]} Nxb2 $1 19. fxe6 Qxc3 20.
exf7+ Kxf7 21. Rxd6 Rxb3 22. e5 Ra3 23. Bc4+ Nxc4 24. Rxf6+ Ke8 25. Kd1 Bxg4+
26. Qxg4 Qd2# 0-1

[Event "Mechanics' Alan Benson TNM; G/2"]
[Site "San Francisco"]
[Date "2016.09.13"]
[Round "7.14"]
[White "Boldi, Ethan Vaugh"]
[Black "Clemens, Kristian"]
[Result "0-1"]
[WhiteElo "1814"]
[BlackElo "1959"]
[Annotator "Winslow,Elliott"]
[PlyCount "68"]
[EventDate "2016.??.??"]

1. e4 e5 2. Nf3 Nc6 3. Bc4 Bc5 4. c3 Nf6 5. d3 O-O 6. O-O d6 7. h3 Be6 8. Nbd2
Qd7 9. b4 Bb6 10. a4 a6 11. Bb2 Rfe8 12. Re1 Rad8 13. Qc2 Nh5 14. Nf1 Nf4 15.
Ng3 Bxh3 16. Ng5 Qg4 17. Nxh3 Nxh3+ 18. gxh3 Qxg3+ 19. Kh1 Bxf2 {
Resistance is Futile.} 20. Qxf2 Qxf2 21. Ba3 Qf3+ 22. Kh2 Qf4+ 23. Kg2 Qd2+ 24.
Kg3 d5 25. exd5 Qf4+ 26. Kg2 Rd6 27. Rg1 Rg6+ 28. Kh1 Qf3+ 29. Kh2 Qf2+ 30. Kh1
Rh6 31. Rxg7+ Kxg7 32. Rg1+ Kh8 33. Rg3 Qxg3 34. dxc6 Rxh3# 0-1

[Event "Mechanics' Summer TNM; G/2"]
[Site "San Francisco"]
[Date "2016.06.07"]
[Round "3.15"]
[White "Boldi, Ethan Vaugh"]
[Black "Clemens, Kristian"]
[Result "1/2-1/2"]
[WhiteElo "1746"]
[BlackElo "2002"]
[Annotator "Donaldson"]
[PlyCount "98"]
[EventDate "2016.??.??"]

1. e4 e5 2. Nf3 Nc6 3. Bc4 Bc5 4. c3 Nf6 5. d3 d5 6. exd5 Nxd5 7. O-O O-O 8. b4
Be7 9. a4 Bg4 10. h3 Bh5 11. Be3 Qd7 12. b5 Na5 13. Nxe5 Qf5 14. Ng4 Nxc4 15.
dxc4 Nb6 16. Nd2 Rad8 17. Qe2 Qe6 18. Rfe1 Bxg4 19. Qxg4 Qxg4 20. hxg4 Bf6 21.
Ne4 (21. Bxb6 Rxd2) 21... Bh4 (21... Nxc4 22. Nxf6+ gxf6 23. Bd4) 22. g3 Be7
23. Bxb6 cxb6 24. Rad1 (24. a5) 24... Rfe8 25. Nd6 Bxd6 26. Rxe8+ Rxe8 27. Rxd6
g6 28. Rd7 Re1+ 29. Kg2 Ra1 30. Rxb7 Rxa4 31. Rc7 Ra5 32. Kf3 Ra3 33. Ke2 (33.
Ke4) 33... Rxc3 34. Rxa7 Rxc4 35. Rb7 Re4+ 36. Kd3 Re6 37. f4 h6 38. f5 Rf6 39.
Ke4 h5 40. Ke5 Kg7 41. Rb8 (41. fxg6 Rxg6 42. gxh5 Rg5+) 41... hxg4 42. Rg8+
Kxg8 43. Kxf6 gxf5 44. Kxf5 Kg7 45. Kxg4 Kf6 46. Kf4 Ke6 47. g4 Kf6 48. g5+ Kg6
49. Kg4 f6 1/2-1/2

[Event "Mechanics' Spring TNM; G/2"]
[Site "San Francisco"]
[Date "2016.04.19"]
[Round "6.29"]
[White "Boldi, Ethan Vaugh"]
[Black "Enkh, Tergelsar"]
[Result "1-0"]
[WhiteElo "1658"]
[BlackElo "1081"]
[PlyCount "77"]
[EventDate "2016.??.??"]

1. e4 e5 2. Nf3 Nc6 3. Bc4 Bc5 4. c3 Nf6 5. d3 h6 6. O-O d6 7. h3 Be6 8. Nbd2
O-O 9. a4 a5 10. Bxe6 fxe6 11. Nb3 Bb6 12. Re1 Qd7 13. d4 Rad8 14. Qc2 exd4 15.
cxd4 Ne7 16. Be3 c6 17. e5 Nfd5 18. Nh4 Bc7 19. Ng6 Nxg6 20. Qxg6 Qf7 21. Qg3
Qf5 22. Bxh6 Rf7 23. Rac1 Rdd7 24. Nd2 Bd8 25. Nc4 Be7 26. Be3 b6 27. Re2 Nxe3
28. Nxe3 Qg5 29. Rxc6 Qxg3 30. fxg3 dxe5 31. dxe5 Bc5 32. Rxe6 Rd3 33. Re8+ Kh7
34. e6 Rf6 35. Kh2 Bxe3 36. e7 Rf1 37. Rh8+ Kxh8 38. e8=Q+ Kh7 39. Rxe3 1-0

[Event "Mechanics' Spring TNM; G/2"]
[Site "San Francisco"]
[Date "2016.03.22"]
[Round "2.36"]
[White "Boldi, Ethan Vaugh"]
[Black "Erickson, Lance"]
[Result "1-0"]
[WhiteElo "1658"]
[BlackElo "1451"]
[Annotator "Donaldson"]
[PlyCount "71"]
[EventDate "2016.??.??"]

1. e4 Nf6 2. e5 Nd5 3. c4 Nb6 4. c5 Nd5 5. Bc4 e6 6. d4 d6 7. cxd6 cxd6 8. Nf3
Nb6 9. Bb3 dxe5 10. Nxe5 Bd6 11. Nf3 O-O 12. Bc2 (12. O-O) 12... Nd5 13. Nc3
Bb4 14. Bd2 (14. O-O $1 Nxc3 $2 15. bxc3 Bxc3 $2 16. Qd3 $18) 14... Qa5 15. Rc1
(15. O-O Nxc3 16. bxc3 Bxc3 17. Bxh7+ Kxh7 18. Ng5+ Kg8 19. Qh5 Qf5 20. g4 Qg6
21. Qxg6 fxg6 22. Bxc3 $16) 15... Nxc3 16. bxc3 Bxc3 {Diagram [#]} 17. Bxh7+ $1
Kxh7 18. Rxc3 Qxa2 19. Ng5+ Kg8 20. O-O (20. Qh5 Qb1+) (20. Rh3 $3 Nc6 (20...
Rd8 21. Nxf7 Kxf7 22. Qh5+ Ke7 23. Bb4+ Kd7 24. O-O $16) (20... g6 21. Nh7 $1
Nd7 (21... Rd8 22. Nf6+ Kg7 23. Rh7+ Kxf6 24. Qf3+ Ke7 25. Bb4+ Kd7 26. Rxf7+
Ke8 27. Re7#)) 21. Rh8+) 20... f6 21. Ne4 Qd5 22. Qc2 (22. Nxf6+ $1 Rxf6 (22...
gxf6 23. Qg4+ Kf7 24. Rg3 $18) 23. Rxc8+) 22... Nc6 23. Be3 Nxd4 (23... Bd7 $4
24. Rc5) (23... a5 $1) 24. Bxd4 Qxd4 25. Rd1 Qb4 $2 (25... Qe5) 26. Rc7 f5 $2
27. Nd6 Rd8 28. Nxc8 $18 Rxd1+ 29. Qxd1 a5 30. Qd8+ Kh7 31. h3 a4 32. Qd1 Kh6
33. Nd6 a3 34. Rxb7 Qb2 35. Rxb2 axb2 36. Qd2+ 1-0